000 00494nam a2200193Ia 4500
003 OSt
005 20250129161421.0
008 210210b1973 xxu||||| |||| 00| 0 eng d
040 _cAL
041 _aKannada
082 _aK894.3 INDH
100 _aINDIRA (M K)
_9129526
_dಇಂದಿರಾ(ಎಂ ಕೆ)
245 _aHu bana
_bಹೂ ಬಾಣ
260 _aBengaluru
_bPrakasha Sahitya
_c1973
300 _a195
690 _aKannada Fiction
_9129527
906 _a031315
942 _2ddc
_cBK
999 _c82544
_d82544